000 00360nam a2200169Ia 4500
003 0100
008 130303s9999 xx 000 0 und d
040 _cARRUPELIB
050 _aBT165.E31983
100 _aEdwards, Denis
245 _aHuman Experience of God
260 _aNY
260 _bPaulist Press
260 _C1983
300 _a154p
942 0 0 _03
999 _c24495
_d24495